| 000 | 00739nam a2200205 i 4500 | ||
|---|---|---|---|
| 001 | 161383 | ||
| 003 | ES-MaACL | ||
| 005 | 20250303062547.0 | ||
| 008 | 990701s1907 sp |||| | spa d | ||
| 100 | 1 |
_aPardo Bazán, Emilia, _cCondesa de, _d1851-1921 _9176434 |
|
| 245 | 1 | 3 |
_aEl fondo del alma _b: (cuentos) / _cEmilia Pardo Bazán. |
| 260 |
_aMadrid : _bAdministración calle de San Bernardo, 37, _c[1907] ( _fR. Velasco) |
||
| 300 |
_a285 p. ; _c19 cm. |
||
| 490 | 1 |
_aObras completas de Emilia Pardo Bazán ; _v31 |
|
| 752 |
_aEspaña - _dMadrid |
||
| 830 | 0 |
_aObras completas de Emilia Pardo Bazán ; _v31 _9176456 |
|
| 852 |
_aES-MaACL _jB-4107 _z- Enc. hol., conservando cub. original |
||
| 942 | _2udc | ||
| 999 |
_c161383 _d161383 |
||